000 00724nmc a2200277 a 4500
003 AR-BaBNM
005 20251128205432.0
008 177119s1994 ||||||||||||||000 | spa||
020 _a950-731-071-1
040 _cAR-BaBNM
100 1 _aBenedetti, Mario
245 1 0 _aGracias por el fuego
250 _a1ยช ed.
260 _aBuenos Aires
_bSeix Barral
_c1994
300 0 _a290 p.
490 0 _aBiblioteca Mario Benedetti
585 _aExpuesto en: Feria del Libro 2006
650 4 _aNOVELAS
650 4 _aLITERATURA CONTEMPORANEA
650 4 _aLITERATURA LATINOAMERICANA
653 0 _aLITERATURA URUGUAYA
653 0 _aLITERATURA COMPROMETIDA
655 _aLITERATURA
942 _cBK
998 _cMARTIN
999 _c11400
_d11400